000 00606nam a22001937a 4500
003 BD-DhUL
005 20180124152305.0
008 180124s1994 ii ||||| |||| 00| 0 urd d
040 _aBD-DhUL
_cBD-DhUL
082 _a891.4391
_bGII
100 1 _aچند، گیان
245 1 _aابترائی کلام اقبال : یہ ترتیب مہ وسال /
_cکیان چند
260 _aحيدراباد :
_bاردو ریسرچ سیٹر،
_c۱۹۹۴۔
300 _aص۔ ۴۵۹ ؛
_c۲۴ سم۔
365 _aIRS
_b200.00
650 0 _aUrdu poetry
700 1 _aنقوی، نورالحسن
942 _2ddc
_cBK
999 _c237415
_d237415